000 00577nam a2200157Ia 4500
008 220216s9999 xx 000 0 und d
100 _aTupper James
245 0 _aEstablishing a comprehensive and sustainable initiative to develop management performance within pacific rim plantations
260 _bProceedings of the International Planters Conference 17-20 May 2000. p.413-434 (Reprint)
_c2000
650 _aCompetency standards
650 _aManagement training
650 _aPerformance management
700 _aBenzie Roger
700 _aNicholls Rob
942 _cJS
999 _c58764
_d58764